000 00431nam a2200145Ia 4500
008 090124s9999 xx 000 0 und d
082 _b39487
245 _a अकरा लघुकाव्य
250 _a1
260 _bमारुतीबुवा रामदासी
_c1988
300 _a232
630 _a अकरा लघुकाव्य
730 _a अकरा लघुकाव्य
942 _cBOOK
999 _c105570
_d105570